00728pam a2200241 a 4500001000800000005001700008008004100025010001700066020001500083040002300098041000800121060002100129080000800150082001600158100000600174101000800180245006200188504005100250906004500301942001200346999001700358952011100375394142420180208043304.0930210s1994 nyua b 001 0 eng c a 93012430  a0827349637 aDNLM/DLCcDLCdDLC aeng aWA 590 M918 1994 a61300a613 ELD220 a4 aSHM00aMotivating health behavior /cJohn P. Elder ... [et al.]. aIncludes bibliographical references and index. a7bcbccorignewd1eocipf19gy-gencatlg 2ddccBK c42103d42103 00102udc40708PËKGa002b002cPËKGd2018-02-08l0o613 ELDp002-2998630r2018-02-08w2018-02-08yBK